Andorinha Turrinha no deserto das flores (Record no. 45797)

MARC details
000 -Etiqueta do registo
Valores 00483cam a2200193 4500
010 ## - Número ISBN
ISBN 9720162201
021 ## - Número do Depósito Legal
Número 108883/97
100 ## - Dados gerais de processamento
Dados gerais 19971106d1997 c y0pory5003 ba
101 0# - Língua de publicação
Língua por
102 ## - País de publicação
País PT
200 1# - Titulo e menção de responsabilidade
Título próprio Andorinha Turrinha no deserto das flores
Primeira menção de responsabilidade Jorge Lima
210 #9 - Publicação
Local de publicação Porto
Nome do editor Porto Editora,
Data de publicação 1997
215 ## - Descrição física 
Paginação / Volumes 31, [1] p.
Outras indicações físicas muito il.
Dimensões 28 cm
675 ## - CDU
Notação 087.5
Edição BN
Língua por
700 #1 - Autor principal
ID Autoridade 4
Apelido Lima,
Nome Jorge
801 #0 - Fonte de origem
País PT
Agência BN
Regras de catalogação RPC
990 ## - Elementos KOHA
Tipo de documento Livro
Holdings
Aquisição Empréstimo Código de barras Cota Permissão de empréstimo Tipo de documento
Biblioteca do Centro Escolar de Montoito Biblioteca do Centro Escolar de Montoito 82518 82-93 LIM LIT. INF. JUV.   Livro

Powered by Koha